MARC details
| 000 -CABECERA |
| campo de control de longitud fija |
02669nam a2200373 i 4500 |
| 001 - NÚMERO DE CONTROL |
| campo de control |
000028704 |
| 003 - IDENTIFICADOR DEL NÚMERO DE CONTROL |
| campo de control |
DO-SdBNP |
| 005 - FECHA Y HORA DE LA ÚLTIMA TRANSACCIÓN |
| campo de control |
20240409073642.0 |
| 007 - CAMPO FIJO DE DESCRIPCIÓN FÍSICA--INFORMACIÓN GENERAL |
| campo de control de longitud fija |
ta |
| 008 - DATOS DE LONGITUD FIJA--INFORMACIÓN GENERAL |
| campo de control de longitud fija |
101007t1987 dr acd 001 0 spa d |
| 040 ## - FUENTE DE LA CATALOGACIÓN |
| Centro catalogador/agencia de origen |
DO-SdBNP |
| Lengua de catalogación |
spa |
| Centro/agencia transcriptor |
BNPHU |
| Normas de descripción |
rda |
| 082 #4 - NÚMERO DE LA CLASIFICACIÓN DECIMAL DEWEY |
| Número de clasificación |
972.93053 |
| Número de documento/Ítem |
C794a 1987 |
| Número de edición |
22 |
| 100 1# - ENTRADA PRINCIPAL--NOMBRE DE PERSONA |
| Nombre de persona |
Cordero Michel, José R., |
| Fechas asociadas al nombre |
1931-1959 |
| 9 (RLIN) |
46170 |
| 245 10 - MENCIÓN DE TÍTULO |
| Título |
Análisis de la Era de Trujillo : |
| Resto del título |
informe sobre la República Dominicana, 1959 / |
| Mención de responsabilidad, etc. |
José R. Cordero Michel ; prólogo de José Espaillat. |
| 250 ## - MENCIÓN DE EDICIÓN |
| Mención de edición |
5a. edición |
| 264 #1 - PRODUCCIÓN, PUBLICACIÓN, DISTRIBUCIÓN, FABRICACIÓN Y COPYRIGHT |
| Producción, publicación, distribución, fabricación y copyright |
Santo Domingo : |
| Nombre del de productor, editor, distribuidor, fabricante |
Universitaria-UASD, |
| Fecha de producción, publicación, distribución, fabricación o copyright |
1987. |
| 300 ## - DESCRIPCIÓN FÍSICA |
| Extensión |
109 páginas : |
| Otras características físicas |
ilustraciones y retratos ; |
| Dimensiones |
20 cm. |
| 336 ## - TIPO DE CONTENIDO |
| Fuente |
rdacontent |
| Término de tipo de contenido |
texto |
| Código de tipo de contenido |
txt |
| 337 ## - TIPO DE MEDIO |
| Fuente |
rdamedia |
| Nombre/término del tipo de medio |
sin mediación |
| Código del tipo de medio |
n |
| 338 ## - TIPO DE SOPORTE |
| Fuente |
rdacarrier |
| Nombre/término del tipo de soporte |
volumen |
| Código del tipo de soporte |
nc |
| 490 1# - MENCIÓN DE SERIE |
| Mención de serie |
Publicaciones de la Universidad Autónoma de Santo Domingo |
| Designación de volumen o secuencia |
169 |
| 490 1# - MENCIÓN DE SERIE |
| Mención de serie |
Historia y sociedad |
| Designación de volumen o secuencia |
15 |
| 500 ## - NOTA GENERAL |
| Nota general |
Incluye referencias bibliográficas y notas al pie de las páginas. |
| 504 ## - NOTA DE BIBLIOGRAFÍA, ETC. |
| Nota de bibliografía, etc. |
Bibliografía : p. 105-109. |
| 505 0# - NOTA DE CONTENIDO CON FORMATO |
| Nota de contenido con formato |
Prólogo/ |
| Mención de responsabilidad |
José Espaillat -- |
| Información miscelánea |
Situación Política : |
| Título |
Instituciones políticas -- |
| -- |
Bases económicas y sociales del régimen -- |
| -- |
Algunos métodos y técnicas de gobierno -- |
| -- |
El terror y la vigilancia policíaca -- |
| -- |
La propaganda política -- |
| -- |
Encuadramiento político -- |
| -- |
Sindicatos -- |
| -- |
Organizaciones juveniles -- |
| -- |
Organizaciones religiosas -- |
| -- |
Actualidad política y situación internacional -- |
| Información miscelánea |
Situación Económica : |
| Título |
La agricultura -- |
| -- |
Régimen agrario -- |
| -- |
Producción agrícola -- |
| -- |
Capitalización agrícola -- |
| -- |
Condición del campesinado -- |
| -- |
Industria y manufacturas -- |
| -- |
El mercado nacional -- |
| -- |
Formación de capital productivo -- |
| -- |
Instituciones de desarrollo económico -- |
| -- |
Condición del proletariado -- |
| -- |
Comercio exterior -- |
| -- |
Finanzas del Estado -- |
| -- |
Sistema Bancario -- |
| Información miscelánea |
Situación Cultural : |
| Título |
Estructura del sistema de enseñanza -- |
| -- |
Educación primaria -- |
| -- |
Educación Secundaria -- |
| -- |
Educación Superior -- |
| -- |
Educación Vocacional -- |
| -- |
Educación de maestros -- |
| -- |
Educación Fundamental -- |
| -- |
Orientación de la Enseñanza -- |
| -- |
La situación del intelectual. |
| Información miscelánea |
Conclusiones -- |
| -- |
Bibliografía. |
| 590 ## - NOTA LOCAL (RLIN) |
| Nota local |
Inventariado, 2020/BT |
| 650 #4 - PUNTO DE ACCESO ADICIONAL DE MATERIA--TÉRMINO DE MATERIA |
| Término de materia o nombre geográfico como elemento de entrada |
Educación |
| Subdivisión geográfica |
República Dominicana |
| Subdivisión general |
Historia |
| Subdivisión cronológica |
Era de Trujillo, 1930-1961 |
| 9 (RLIN) |
46171 |
| 651 #4 - PUNTO DE ACCESO ADICIONAL DE MATERIA--NOMBRE GEOGRÁFICO |
| Nombre geográfico |
República Dominicana |
| Subdivisión general |
Política y gobierno |
| Subdivisión cronológica |
Era de Trujillo, 1930-1961 |
| 9 (RLIN) |
1374 |
| 700 1# - PUNTO DE ACCESO ADICIONAL--NOMBRE DE PERSONA |
| Nombre de persona |
Espaillat, José, |
| Término indicativo de función/relación |
prólogo |
| 9 (RLIN) |
44951 |
| 710 1# - PUNTO DE ACCESO ADICIONAL--NOMBRE DE ENTIDAD CORPORATIVA |
| Nombre de entidad corporativa o nombre de jurisdicción como elemento de entrada |
Universidad Autónoma de Santo Domingo |
| 9 (RLIN) |
72951 |
| 830 #0 - PUNTO DE ACCESO ADICIONAL DE SERIE-TÍTULO UNIFORME |
| Título uniforme |
Publicaciones de la Universidad Autónoma de Santo Domingo ; 169 |
| Nombre de parte o sección de la obra |
Historia y sociedad ; 15 |
| 9 (RLIN) |
84962 |
| 910 ## - DATOS DE OPCIÓN DEL USUARIO (OCLC) |
| Datos de opción del usuario |
Validado. Control de calidad EMS. |
| 942 ## - ELEMENTOS DE PUNTO DE ACCESO ADICIONAL (KOHA) |
| Fuente del sistema de clasificación o colocación |
Dewey Decimal Classification |
| Tipo de ítem Koha |
Libro |